00909cam a22002531 450000100060000000300080000600500170001400800410003103500190007203500190009104000280011004100080013808200220014610000300016824501200019826000700031830000340038849000750042250000630049750400200056065000290058065000220060970000240063129201BD-RjUL20211209051402.0140402r19521942e 001 0 eng d a(BD-RjUL)29286 a(OCoLC)1649509 aDLCcWGrUdBD-RjULbeng aeng a136.72bKOG 19521 aKoffka, Kurt,d1886-1941.14aThe growth of the mind :ban introduction to child-psychology /cby Kurt Koffka. Translated by Robert Morris Ogden. aLondon :bRoutledge and Kegan Paul Ltd.,c1924 [Reprinted 1952].. axix, 426 p. :bill. ;c21 cm.0 aInternational library of psychology, philosophy and scientific method, aTranslation of Die Grundlagen der Psychischen Entwicklung. aIncludes index. 0aLearning, Psychology of. 0aChild psychology. aRobert Morris Ogden